[Event "Titled Tue 24th Jun Late"]
[Site "chess.com INT"]
[Date "2025.06.24"]
[Round "6"]
[White "Da Silva Borges, Rodrigo"]
[Black "Damaraju, Ashwin"]
[Result "1-0"]
[WhiteElo "2169"]
[BlackElo "2084"]
[WhiteFideId "2115778"]
[BlackFideId "39908348"]
[EventDate "2025.06.24"]

1. e4 c5 2. Nf3 d6 3. d4 cxd4 4. Nxd4 Nf6 5. Nc3 g6 6. Be3 Nc6 7. Be2 Bg7 8. Qd2
O-O 9. O-O-O d5 10. exd5 Nxd5 11. Nxc6 bxc6 12. Bd4 Bxd4 13. Qxd4 Qb6 14. Nxd5
cxd5 15. Qxb6 axb6 16. a3 Ra5 17. f4 Rd8 18. Rd4 f6 19. Rhd1 e5 20. Rb4 Rd6 21.
fxe5 fxe5 22. Bf3 Rc5 23. Kb1 Bf5 24. Rd2 e4 25. Bxe4 dxe4 26. Rxd6 e3 27. Kc1
Bxc2 28. Rbxb6 Ba4+ 29. Kb1 Bc2+ 30. Ka2 Bf5 31. Re6 Bxe6+ 32. Rxe6 Rc2 33. Rxe3
Rxg2 34. h3 h5 35. a4 g5 36. a5 Rf2 37. a6 Rf6 38. Ra3 Rf8 39. Ra5 g4 40. Rg5+
Kf7 41. Rf5+ Kg6 42. Rxf8 gxh3 43. Rf1 Kg5 44. a7 Kh4 45. a8=Q h2 46. Qe4+ Kg3
47. Qf3+ Kh4 48. Qf4+ Kh3 49. Rf3+ Kg2 50. Qg3+ 1-0

[Event "Titled Tue 24th Jun Late"]
[Site "chess.com INT"]
[Date "2025.06.24"]
[Round "6"]
[White "Reprintsev, Alexander"]
[Black "Araujo Filho, Luiz Antonio Coel"]
[Result "1-0"]
[WhiteTitle "IM"]
[WhiteElo "2256"]
[BlackElo "2077"]
[WhiteFideId "14100541"]
[BlackFideId "2130661"]
[EventDate "2025.06.24"]

1. e4 c6 2. Nf3 d5 3. e5 Bf5 4. Nh4 Bd7 5. d4 e6 6. Nf3 c5 7. c3 Nc6 8. Be2 Nge7
9. h4 Qb6 10. dxc5 Qxc5 11. Be3 Qa5 12. Nbd2 Qc7 13. Bd4 Ng6 14. Qb3 b6 15.
O-O-O Ngxe5 16. Bxe5 Nxe5 17. Rhe1 Ng4 18. Bb5 Bc5 19. Ne4 O-O 20. Bxd7 Qxd7 21.
Re2 Qc7 22. Nxc5 bxc5 23. Qa3 Rab8 24. g3 Rfc8 25. Kb1 Rb7 26. Ka1 Nf6 27. Nd2
Rcb8 28. Nb3 c4 29. Nd4 Nd7 30. f4 Nc5 31. f5 Nd3 32. Rdd2 e5 33. Nf3 f6 34. g4
Qd7 35. Ne1 Nxe1 36. Rxe1 d4 37. cxd4 exd4 38. Qc5 c3 39. bxc3 Qa4 40. Qxd4 Qa3
41. Qd5+ 1-0

[Event "Titled Tue 24th Jun Late"]
[Site "chess.com INT"]
[Date "2025.06.24"]
[Round "6"]
[White "Haddouche, Mohamed"]
[Black "Jammalamadaka, Vihaan"]
[Result "1-0"]
[WhiteTitle "GM"]
[BlackTitle "CM"]
[WhiteElo "2490"]
[BlackElo "2018"]
[WhiteFideId "7900660"]
[BlackFideId "30977134"]
[EventDate "2025.06.24"]

1. e4 d5 2. exd5 Qxd5 3. Nc3 Qa5 4. d4 Nf6 5. Nf3 Bg4 6. h3 Bh5 7. g4 Bg6 8. Ne5
Nbd7 9. Nc4 Qa6 10. Bf4 Qe6+ 11. Ne3 Ne4 12. Ncd5 O-O-O 13. Bxc7 Re8 14. Bb5 a6
15. Ba4 b5 16. Bb3 Qc6 17. Bh2 e6 18. Nf4 Bb4+ 19. Kf1 Ng3+ 20. Bxg3 Qxh1+ 21.
Ke2 Qc6 22. a4 Be4 23. Kf1 Nb6 24. axb5 axb5 25. d5 exd5 26. Nexd5 Nxd5 27. Nxd5
Bc5 28. Kg1 h5 29. g5 Rd8 30. c4 Kb7 31. Qe2 Rhe8 32. cxb5 Qg6 33. b6 Bxd5 34.
Qa6+ Kc6 35. b7+ Kd7 36. Qb5+ Bc6 37. Qxc5 Qe4 38. Rd1+ 1-0

[Event "Titled Tue 24th Jun Late"]
[Site "chess.com INT"]
[Date "2025.06.24"]
[Round "6"]
[White "Nguyen, Ngoc Truong Son"]
[Black "Plichta, Kamil"]
[Result "1-0"]
[WhiteTitle "GM"]
[BlackTitle "FM"]
[WhiteElo "2600"]
[BlackElo "2361"]
[WhiteFideId "12401110"]
[BlackFideId "1141830"]
[EventDate "2025.06.24"]

1. e4 g6 2. d4 Bg7 3. Nc3 c5 4. d5 d6 5. Nf3 Nf6 6. Be2 O-O 7. O-O Na6 8. Bf4
Nc7 9. a4 a6 10. Qd2 Bg4 11. Rfe1 Nd7 12. a5 Bxf3 13. Bxf3 Nb5 14. Na4 Ne5 15.
Be2 Nd4 16. Nb6 Nxe2+ 17. Rxe2 Rb8 18. Bh6 Qc7 19. Ra3 Rfe8 20. Bxg7 Kxg7 21. f4
Nd7 22. Nc4 b5 23. axb6 Nxb6 24. Na5 e6 25. Rh3 Nd7 26. Nc6 Rxb2 27. Qc3+ Kg8
28. Qxb2 exd5 29. Ne5 dxe5 30. exd5 e4 31. c4 Qxf4 32. Rhe3 Rb8 33. Qd2 f5 34.
Re1 Ne5 35. d6 Kg7 36. Qd5 Rd8 37. Qxc5 Rxd6 38. g3 Nf3+ 39. Rxf3 Qxf3 40. Qxd6
h5 41. Qd4+ Kh7 42. Qe3 Qg4 43. Qf4 Qh3 44. Qh4 1-0

[Event "Titled Tue 24th Jun Late"]
[Site "chess.com INT"]
[Date "2025.06.24"]
[Round "6"]
[White "Moroni, Luca Jr"]
[Black "Savitha, Shri B"]
[Result "1-0"]
[WhiteTitle "GM"]
[BlackTitle "IM"]
[WhiteElo "2549"]
[BlackElo "2293"]
[WhiteFideId "865834"]
[BlackFideId "35061887"]
[EventDate "2025.06.24"]

1. d4 c5 2. d5 d6 3. Nc3 e5 4. e4 Be7 5. g3 Bg5 6. Bg2 Bxc1 7. Qxc1 f5 8. f4
exf4 9. Qxf4 Ne7 10. O-O-O O-O 11. Nb5 a6 12. Nc3 b5 13. Nf3 b4 14. Ne2 fxe4 15.
Qxe4 Bf5 16. Qh4 Nd7 17. Nf4 Nf6 18. Rhe1 Ng6 19. Nxg6 Bxg6 20. Ng5 Qa5 21. Qc4
Nd7 22. Kb1 Rf2 23. Re2 Ne5 24. Rxe5 Rxc2 25. Qxc2 Bxc2+ 26. Kxc2 dxe5 27. d6
Qa4+ 28. Kc1 Rf8 29. d7 b3 30. Bd5+ Kh8 31. Nf7+ Kg8 32. Nxe5+ Kh8 33. Nf7+ Kg8
34. axb3 Qa1+ 35. Kc2 Qa5 36. d8=Q Rxd8 37. Nxd8+ Kf8 38. Ne6+ Ke7 39. Nf4 Kf6
40. Bc4 g5 41. Nd5+ Ke5 42. Re1+ Kd6 43. Nc3 1-0

[Event "Titled Tue 24th Jun Late"]
[Site "chess.com INT"]
[Date "2025.06.24"]
[Round "6"]
[White "Morris-Suzuki, Alan H"]
[Black "Estrada Nieto, Julian"]
[Result "1-0"]
[BlackTitle "IM"]
[WhiteElo "1987"]
[BlackElo "2181"]
[WhiteFideId "30933218"]
[BlackFideId "5101018"]
[EventDate "2025.06.24"]

1. Nf3 d5 2. g3 Nf6 3. Bg2 Bf5 4. O-O e6 5. c4 c6 6. d3 h6 7. cxd5 cxd5 8. Nc3
Nc6 9. Qa4 a6 10. Nd4 Rc8 11. Nxf5 exf5 12. e3 Bb4 13. Bd2 O-O 14. a3 Ba5 15. b4
Bb6 16. d4 Ne7 17. Qb3 Ne4 18. Rfd1 Rc7 19. Rac1 Nxd2 20. Rxd2 Qd6 21. Rdc2 Rfc8
22. h4 h5 23. Kh2 Kf8 24. Na4 Ba7 25. Nc5 g6 26. Nxb7 Qb6 27. Rxc7 Rxc7 28. Rxc7
Qxc7 29. Nc5 a5 30. Qa4 axb4 31. axb4 Kg7 32. Qa6 Bb6 33. Qb5 Ba7 34. Nd7 Ng8
35. Ne5 Nf6 36. Bxd5 Nxd5 37. Qxd5 Qe7 38. b5 Bb6 39. Kg2 f6 40. Nc6 Qc7 41. Qc4
Qd6 42. Qb4 Qd5+ 43. Kg1 Qf3 44. Qe7+ Kh6 45. Qxf6 Qe2 46. Qh8# 1-0

[Event "Titled Tue 24th Jun Late"]
[Site "chess.com INT"]
[Date "2025.06.24"]
[Round "6"]
[White "Watanabe, Akira"]
[Black "Fomevor, Cephas Clinton"]
[Result "0-1"]
[WhiteTitle "FM"]
[BlackTitle "CM"]
[WhiteElo "2284"]
[BlackElo "1883"]
[WhiteFideId "7000227"]
[BlackFideId "12601330"]
[EventDate "2025.06.24"]

1. d4 d5 2. c4 c6 3. Nc3 Nf6 4. e3 a6 5. Qc2 dxc4 6. Bxc4 Bg4 7. Nge2 e6 8. h3
Bh5 9. Nf4 Bg6 10. Nxg6 hxg6 11. O-O Qc7 12. e4 Be7 13. e5 Nd5 14. Ne4 Nd7 15.
Bd2 O-O 16. Rad1 Rac8 17. Qd3 b5 18. Bb3 c5 19. Bxd5 exd5 20. Nxc5 Nxc5 21. dxc5
Qxc5 22. Be3 Qc2 23. Qxd5 Qxb2 24. Bd4 Qb4 25. Qb7 Bc5 26. Bxc5 Qxc5 27. Qxa6
Qxe5 28. Rfe1 Qf5 29. Qb7 Rc2 30. Rf1 Rxa2 31. Rd5 Qc8 32. Qxb5 Qb8 33. Qd3 Rb2
34. Rd7 Rb3 35. Qd2 Rb2 36. Qg5 Rb7 37. Rd3 Rb5 38. Qe3 Re8 39. Qf3 Qe5 40. Rfd1
Rbb8 41. Rd7 Rf8 0-1

[Event "Titled Tue 24th Jun Late"]
[Site "chess.com INT"]
[Date "2025.06.24"]
[Round "6"]
[White "Mishra, Abhimanyu"]
[Black "Wagner, Dennis"]
[Result "1-0"]
[WhiteTitle "GM"]
[BlackTitle "GM"]
[WhiteElo "2611"]
[BlackElo "2619"]
[WhiteFideId "30920019"]
[BlackFideId "24650684"]
[EventDate "2025.06.24"]

1. e4 c6 2. d4 d5 3. e5 Bf5 4. Nd2 e6 5. Nb3 Nd7 6. Nf3 c5 7. dxc5 Bxc5 8. Nxc5
Qa5+ 9. c3 Qxc5 10. Nd4 Ne7 11. Qa4 Qc7 12. f4 O-O 13. Be2 Nc5 14. Qd1 Be4 15.
O-O Nf5 16. Nxf5 exf5 17. Be3 Rfd8 18. Qd2 Rac8 19. Rfd1 Qc6 20. Bf1 b6 21. Bd4
Qg6 22. Qf2 Ne6 23. Rd2 h6 24. Rad1 Kh7 25. Be3 Rc7 26. Be2 Rcd7 27. Bb5 Rc7 28.
Be2 Kg8 29. Bf3 Rcc8 30. h3 Bxf3 31. Qxf3 Kh7 32. Rxd5 Rxd5 33. Rxd5 Rd8 34. Rd6
Rc8 35. Kh2 h5 36. h4 Rc4 37. g3 Re4 38. Kg2 Qh6 39. Kf2 g6 40. Qd1 Qf8 41. Rd7
Kg7 42. Qd6 Qg8 43. Qxe6 Ra4 44. Qf6+ Kh6 45. Rxf7 Qd8 46. Qg5+ 1-0

[Event "Titled Tue 24th Jun Late"]
[Site "chess.com INT"]
[Date "2025.06.24"]
[Round "6"]
[White "Gasparyan, Erik R."]
[Black "Leiva, Gianmarco"]
[Result "0-1"]
[WhiteTitle "IM"]
[BlackTitle "IM"]
[WhiteElo "2372"]
[BlackElo "2387"]
[WhiteFideId "13315730"]
[BlackFideId "3804399"]
[EventDate "2025.06.24"]

1. Nf3 d5 2. g3 Bg4 3. Bg2 c6 4. O-O e6 5. c4 Nf6 6. d3 Be7 7. Qb3 Qb6 8. Nc3
Nbd7 9. Qc2 Bxf3 10. Bxf3 dxc4 11. dxc4 Ne5 12. Be3 Nxf3+ 13. exf3 Qc7 14. Rfe1
O-O 15. Kg2 Rad8 16. Rad1 h6 17. h4 a6 18. Qb3 b5 19. a4 Qb7 20. Ne4 Nxe4 21.
fxe4 Rxd1 22. Rxd1 Rd8 23. Rxd8+ Bxd8 24. Bc5 Be7 25. Bxe7 Qxe7 26. axb5 axb5
27. cxb5 Qb7 28. b6 c5 29. f3 h5 30. Qb5 c4 31. Kf2 g6 32. Ke3 e5 33. Kd2 Kh7
34. Kc3 f5 35. Qc5 Kh6 36. Qc7 Qa7 37. b7 Qd4+ 38. Kb4 c3+ 39. Kb3 Qd1+ 40. Kc4
c2 41. b8=Q c1=Q+ 42. Kb5 Qxb2+ 43. Ka6 Qa4+ 44. Qa5 Qxa5+ 45. Kxa5 Qxb8 0-1

[Event "Titled Tue 24th Jun Late"]
[Site "chess.com INT"]
[Date "2025.06.24"]
[Round "6"]
[White "Raptis, Nick"]
[Black "Cieslak, Patryk"]
[Result "0-1"]
[WhiteTitle "FM"]
[BlackTitle "FM"]
[WhiteElo "2220"]
[BlackElo "2442"]
[WhiteFideId "2016850"]
[BlackFideId "21078882"]
[EventDate "2025.06.24"]

1. d4 d6 2. Nc3 e5 3. e4 Nf6 4. Nf3 Nbd7 5. a4 Be7 6. Bc4 O-O 7. O-O c6 8. Re1
h6 9. h3 Re8 10. Be3 Bf8 11. a5 Qc7 12. Bb3 exd4 13. Bxd4 Ne5 14. Nd2 Be6 15.
Bxe6 Rxe6 16. f4 Ned7 17. Nc4 Nxe4 18. Rxe4 Rxe4 19. Nxe4 d5 20. Be5 Nxe5 21.
Nxe5 dxe4 22. Qd4 Bd6 23. Qxe4 Re8 24. Rd1 Bxe5 25. fxe5 Qxa5 26. Rd7 Qxe5 27.
Qxe5 Rxe5 28. Rxb7 Rb5 29. Rxa7 Rxb2 30. Ra8+ Kh7 31. Rc8 Rxc2 32. Kh2 Kg6 33.
h4 Rc4 34. Kh3 Rc3+ 35. g3 h5 36. Rc7 Kf6 37. Rc8 g6 38. Rh8 c5 39. Rc8 c4 40.
Kg2 Rc2+ 41. Kf3 c3 42. Rc6+ Kg7 43. Rc4 Kf6 44. Rc6+ Ke5 45. Rc7 Ke6 46. Rc6+
Kd7 47. Rc4 Rc1 48. Kf2 c2 49. Rd4+ Ke6 50. Rc4 Rh1 0-1

[Event "Titled Tue 24th Jun Late"]
[Site "chess.com INT"]
[Date "2025.06.24"]
[Round "6"]
[White "Hariharan, Shambavi"]
[Black "Sobek, Jaroslav"]
[Result "0-1"]
[WhiteTitle "WCM"]
[BlackTitle "FM"]
[WhiteElo "1936"]
[BlackElo "2195"]
[WhiteFideId "488160"]
[BlackFideId "301388"]
[EventDate "2025.06.24"]

1. Nf3 d5 2. g3 Bg4 3. Bg2 Nd7 4. h3 Bh5 5. O-O c6 6. d3 e6 7. Nbd2 Ngf6 8. c3
Be7 9. e4 dxe4 10. dxe4 Ne5 11. g4 Nxf3+ 12. Bxf3 Bg6 13. Qe2 O-O 14. Rd1 Qc7
15. Nf1 Rad8 16. Bg5 Rxd1 17. Rxd1 Rd8 18. Rxd8+ Qxd8 19. e5 Nd5 20. Bxe7 Qxe7
21. Bxd5 cxd5 22. Ng3 h6 23. f4 f6 24. f5 Bf7 25. Kh2 exf5 26. gxf5 Qxe5 27. Qb5
Qf4 28. Qe2 d4 29. cxd4 Qxd4 30. b3 b5 31. Qc2 a5 32. Qc8+ Kh7 33. Qc2 a4 34.
bxa4 bxa4 35. a3 Qe3 36. Qe2 Qxa3 37. h4 Qa2 38. Qxa2 Bxa2 39. Ne2 Bb3 40. Nc1
Bc2 41. Kg3 a3 42. Kf4 Bb1 43. Nb3 a2 44. Na1 Kg8 45. h5 Kf7 46. Ke3 Ke7 47. Kd2
Kd6 48. Kc3 Ke5 49. Kb2 Kxf5 50. Nb3 Kg5 51. Nd4 Kxh5 52. Ne6 f5 53. Nxg7+ Kg4
54. Ne6 f4 0-1

[Event "Titled Tue 24th Jun Late"]
[Site "chess.com INT"]
[Date "2025.06.24"]
[Round "6"]
[White "Tang, Austin"]
[Black "Roberson, Peter T"]
[Result "1-0"]
[BlackTitle "IM"]
[WhiteElo "1979"]
[BlackElo "2433"]
[WhiteFideId "30964580"]
[BlackFideId "412384"]
[EventDate "2025.06.24"]

1. d4 e6 2. c4 c5 3. d5 d6 4. Nc3 exd5 5. cxd5 g6 6. e4 Bg7 7. f4 Ne7 8. Nf3 O-O
9. h3 Nd7 10. Bd3 f5 11. O-O fxe4 12. Nxe4 Nf6 13. Nxf6+ Bxf6 14. Rb1 Kg7 15. b3
Nxd5 16. Bd2 Be6 17. Ng5 Bg8 18. Kh2 Nc3 19. Bxc3 Bxc3 20. Qf3 d5 21. Qg4 Qd6
22. h4 Rae8 23. Kh1 h6 24. Nh3 Re3 25. Rbd1 h5 26. Qg5 d4 27. Rf3 Rxf3 28. gxf3
Bd5 29. Kg2 Rf6 30. f5 Bf7 31. Nf4 Kf8 32. Nxg6+ Bxg6 33. fxg6 Qf4 34. Qxf4 Rxf4
35. Kg3 Rf6 36. f4 a6 37. f5 b5 38. Kf4 Kg7 39. Rf1 Bd2+ 40. Ke5 Be3 41. Rf3 Rc6
42. Kd5 Rc7 43. f6+ Kh6 44. f7 Rc8 45. f8=Q+ Rxf8 46. Rxf8 c4 47. bxc4 bxc4 48.
Kxc4 Kg7 49. Rf7+ 1-0

[Event "Titled Tue 24th Jun Late"]
[Site "chess.com INT"]
[Date "2025.06.24"]
[Round "6"]
[White "Karas, Eugenia"]
[Black "Zlatin, Alexander"]
[Result "1-0"]
[WhiteTitle "WFM"]
[BlackTitle "FM"]
[WhiteElo "2124"]
[BlackElo "2313"]
[WhiteFideId "463485"]
[BlackFideId "2810549"]
[EventDate "2025.06.24"]

1. Nf3 Nf6 2. b3 Nc6 3. Bb2 d5 4. e3 Qd6 5. d4 Ne4 6. Be2 g5 7. Nbd2 g4 8. Nxe4
dxe4 9. Ne5 Nxe5 10. dxe5 Qxd1+ 11. Rxd1 Be6 12. O-O Bg7 13. c4 O-O 14. Rd2 Rfd8
15. Rfd1 Rxd2 16. Rxd2 Kf8 17. Kf1 h5 18. g3 Kg8 19. c5 Kf8 20. Ke1 Ke8 21. Kd1
Rd8 22. Kc2 Rxd2+ 23. Kxd2 Kd7 24. Bb5+ c6 25. Be2 Bd5 26. e6+ Kxe6 27. Bxg7 f6
28. Bc4 Bxc4 29. bxc4 Kf7 30. Bh6 Kg6 31. Bf8 Kf7 32. Kc3 Kxf8 33. Kd4 Kf7 34.
Kxe4 Ke6 35. a3 f5+ 36. Kf4 Kf6 37. e4 e5+ 38. Ke3 Kg5 39. exf5 Kxf5 40. f3 gxf3
41. Kxf3 b5 42. cxb6 axb6 43. a4 Ke6 44. Ke4 Kd6 45. h3 Kc5 46. g4 h4 47. g5 Kd6
48. Kf5 e4 49. Kxe4 Ke6 50. c5 b5 51. a5 b4 52. a6 b3 53. Kd3 Ke5 54. a7 Kf4 55.
a8=Q Kg3 56. Qxc6 Kxh3 57. Qe6+ Kh2 58. Qxb3 h3 59. g6 Kg1 60. g7 h2 61. g8=Q+
Kh1 62. Qd1# 1-0

[Event "Titled Tue 24th Jun Late"]
[Site "chess.com INT"]
[Date "2025.06.24"]
[Round "6"]
[White "Szpar, Milosz"]
[Black "Arakelyan, Manvel"]
[Result "1-0"]
[WhiteTitle "IM"]
[BlackTitle "FM"]
[WhiteElo "2495"]
[BlackElo "2326"]
[WhiteFideId "1184989"]
[BlackFideId "13317415"]
[EventDate "2025.06.24"]

1. e4 c5 2. Nf3 e6 3. d4 cxd4 4. Nxd4 Nf6 5. Nc3 Nc6 6. a3 d6 7. Be3 Be7 8. Qd2
a6 9. f3 Qc7 10. g4 b5 11. g5 Nd7 12. h4 Bb7 13. O-O-O Rc8 14. h5 Nce5 15. Be2
Qa5 16. Kb1 Nb6 17. Nb3 Qxc3 18. bxc3 Nbc4 19. Bxc4 Nxc4 20. Qc1 d5 21. g6 Bxa3
22. h6 gxh6 23. Bd4 Bxc1 24. Bxh8 Ke7 25. Kxc1 Rxh8 26. g7 Rg8 27. Rdg1 dxe4 28.
Nc5 Bc6 29. fxe4 Kd6 30. Rxh6 Kxc5 31. Rxh7 Bxe4 32. Rh8 Rxg7 33. Rxg7 Nd6 34.
Rd8 a5 35. Rg5+ f5 36. Rg6 Bd5 37. Rg7 Nb7 38. Rxd5+ Kxd5 39. Rxb7 Kc6 40. Ra7
a4 41. Ra6+ Kd5 42. Rb6 a3 43. Rxb5+ Kc4 44. Re5 Kxc3 45. Rxe6 f4 46. Rc6+ Kd4
47. Ra6 f3 48. Rxa3 Ke4 49. Kd2 f2 50. Ke2 1-0

[Event "Titled Tue 24th Jun Late"]
[Site "chess.com INT"]
[Date "2025.06.24"]
[Round "6"]
[White "Beyer, Lorenz"]
[Black "Borges, Wagner da Silva"]
[Result "1-0"]
[WhiteTitle "CM"]
[BlackTitle "CM"]
[WhiteElo "2226"]
[BlackElo "2062"]
[WhiteFideId "16245393"]
[BlackFideId "2100401"]
[EventDate "2025.06.24"]

1. d4 Nf6 2. Bf4 d6 3. Nf3 g6 4. h3 Bg7 5. e3 O-O 6. Be2 Nc6 7. O-O Nd7 8. Bh2
e5 9. a4 f5 10. Na3 g5 11. c3 f4 12. b4 h6 13. b5 Ne7 14. Rc1 Ng6 15. Qc2 Qf6
16. dxe5 Ndxe5 17. Nxe5 dxe5 18. Bd3 Nh4 19. exf4 exf4 20. Rfe1 g4 21. hxg4 Bxg4
22. f3 Bxf3 23. gxf3 Nxf3+ 24. Kh1 Nxe1 25. Rxe1 f3 26. Rf1 f2 27. Be4 Rae8 28.
Nc4 Qh4 29. Bd5+ Kh8 30. Qg6 Re1 31. Nd2 Qh3 32. Bg2 Qxc3 33. Be4 Rxe4 34. Nxe4
Qf3+ 35. Qg2 Qe2 36. Ng3 Qe3 37. Qxb7 Be5 38. Qg2 Bxg3 39. Qxg3 Rf3 40. Qxc7 Qe4
41. Qe5+ Qxe5 42. Bxe5+ 1-0

[Event "Titled Tue 24th Jun Late"]
[Site "chess.com INT"]
[Date "2025.06.24"]
[Round "6"]
[White "Adewumi, Tanitoluwa"]
[Black "Rodgers, Jack"]
[Result "0-1"]
[WhiteTitle "FM"]
[BlackTitle "FM"]
[WhiteElo "2362"]
[BlackElo "2183"]
[WhiteFideId "30966396"]
[BlackFideId "3220885"]
[EventDate "2025.06.24"]

1. Nf3 c5 2. e4 g6 3. c3 Bg7 4. d4 cxd4 5. cxd4 d5 6. e5 Bg4 7. Bb5+ Nd7 8. Nc3
a6 9. Ba4 b5 10. Bb3 Nb6 11. h3 Bxf3 12. Qxf3 e6 13. h4 h5 14. Bg5 Ne7 15. g4
Qd7 16. gxh5 Rxh5 17. Ne2 Nf5 18. Ng3 Nxg3 19. fxg3 Nc4 20. g4 Rh8 21. h5 gxh5
22. gxh5 Qc7 23. Rg1 Bf8 24. Ke2 Be7 25. Bf6 Bxf6 26. Qxf6 Rf8 27. h6 Qe7 28.
Bxc4 bxc4 29. h7 Qxf6 30. exf6 Kd7 31. Rg7 e5 32. Rag1 Rh8 33. Rg8 Rxh7 34. Rxa8
exd4 35. Rg7 Rh2+ 36. Kf3 Ke6 37. Rxa6+ Kf5 38. Rxf7 d3 39. Rd7 Ke5 40. Re7+ Kd4
41. Rd6 d2 42. Rxd5+ Kxd5 43. Rd7+ Ke6 44. Rd4 Kxf6 45. Ke3 d1=Q 46. Rxd1 Rxb2
47. Rd2 c3 0-1

[Event "Titled Tue 24th Jun Late"]
[Site "chess.com INT"]
[Date "2025.06.24"]
[Round "6"]
[White "Hua, Lefong"]
[Black "Amburgy, Ryan"]
[Result "0-1"]
[WhiteTitle "FM"]
[BlackTitle "FM"]
[WhiteElo "2305"]
[BlackElo "2332"]
[WhiteFideId "2602253"]
[BlackFideId "30924820"]
[EventDate "2025.06.24"]

1. d4 Nf6 2. c4 e6 3. Nc3 Bb4 4. f3 c5 5. a3 Bxc3+ 6. bxc3 Nc6 7. e4 d6 8. Ne2
b6 9. Ng3 Na5 10. Bd3 Ba6 11. Be3 Nd7 12. Qe2 Rc8 13. Rc1 h5 14. O-O Qf6 15. f4
h4 16. e5 Qe7 17. Ne4 Nb7 18. a4 d5 19. cxd5 Bxd3 20. Qxd3 exd5 21. Ng5 c4 22.
Qc2 Nf8 23. f5 f6 24. Nf3 Kf7 25. Rfe1 Qa3 26. Rb1 Na5 27. Bf4 Nb3 28. Qe2 Re8
29. Qf2 h3 30. g4 Qxa4 31. g5 Rh5 32. Kh1 Qa5 33. exf6 Rxe1+ 34. Rxe1 gxf6 35.
Qg3 Qxc3 36. Ne5+ fxe5 37. Qxc3 exf4 38. Qf3 Rxg5 39. Qxd5+ Kg7 40. Re7+ Kh6 41.
Qf7 c3 42. Qxf8+ Kh5 43. Rg7 c2 44. Rxg5+ Kxg5 45. Qe7+ Kh6 46. Qf6+ Kh5 47.
Qg6+ Kh4 48. Qh7+ Kg5 49. Qg7+ Kh4 50. Qf6+ Kg4 51. Qg7+ Kh4 52. Qh8+ Kg4 53.
Qg8+ Kh4 54. Qc8 c1=Q+ 55. Qxc1 Nxc1 56. f6 f3 57. Kg1 Ne2+ 58. Kf2 Nxd4 59. f7
Ne6 60. Kxf3 Kg5 61. Kg3 Kf6 0-1

[Event "Titled Tue 24th Jun Late"]
[Site "chess.com INT"]
[Date "2025.06.24"]
[Round "6"]
[White "Grahn, Vidar"]
[Black "Goryachkina, Aleksandra"]
[Result "0-1"]
[WhiteTitle "FM"]
[BlackTitle "GM"]
[WhiteElo "2239"]
[BlackElo "2533"]
[WhiteFideId "1744780"]
[BlackFideId "4147103"]
[EventDate "2025.06.24"]

1. e4 c5 2. Nc3 Nc6 3. Bb5 Nd4 4. Nf3 Nf6 5. e5 Nxb5 6. Nxb5 Nd5 7. c4 Nc7 8. d4
Nxb5 9. cxb5 Qa5+ 10. Qd2 Qxb5 11. d5 e6 12. d6 b6 13. a4 Qa6 14. Qf4 h6 15. h4
Bb7 16. Nd2 O-O-O 17. Rh3 f6 18. a5 g5 19. Qxf6 Rg8 20. Rha3 Bg7 21. axb6 Bxf6
22. Rxa6 Bxa6 23. exf6 Kb7 24. bxa7 Kxa7 25. Ne4 Kb6 26. Be3 Bb5 27. Bxc5+ Kc6
28. hxg5 hxg5 29. b4 g4 30. f7 Rgf8 31. Ng5 e5 32. Kd2 Bc4 33. Re1 Bxf7 34. Rxe5
Bc4 35. Re4 Bb5 36. Rxg4 Rde8 37. Re4 Ra8 38. Ke3 Ra3+ 39. Kd4 Rxf2 40. Nf3 Rxg2
41. Ne5+ Kb7 42. Nf7 Rf2 43. Ke5 Rxf7 44. Bd4 Bc6 45. Re3 Rxe3+ 46. Bxe3 Rf8 47.
Bc5 Re8+ 48. Kd4 Ka6 49. Kc4 Re4+ 50. Kb3 Kb5 51. Ka3 Rf4 52. Kb2 Rf3 53. Kc2
Kc4 54. Kb2 0-1

[Event "Titled Tue 24th Jun Late"]
[Site "chess.com INT"]
[Date "2025.06.24"]
[Round "6"]
[White "Sjugirov, Sanan"]
[Black "Drygalov, Sergey"]
[Result "0-1"]
[WhiteTitle "GM"]
[BlackTitle "GM"]
[WhiteElo "2635"]
[BlackElo "2560"]
[WhiteFideId "4189302"]
[BlackFideId "24171743"]
[EventDate "2025.06.24"]

1. Nf3 d5 2. g3 g6 3. Bg2 Bg7 4. d4 Nf6 5. O-O O-O 6. c4 c6 7. Qa4 Nbd7 8. cxd5
Nb6 9. Qb3 Qxd5 10. Qd1 Qh5 11. a4 a5 12. Nc3 Bg4 13. Qb3 Ra6 14. Bd2 Be6 15.
Qc2 Nbd5 16. Nxd5 Nxd5 17. e4 Nb4 18. Bxb4 axb4 19. Qd2 Bg4 20. Ne5 Bxe5 21.
dxe5 Qxe5 22. Qxb4 b6 23. h3 c5 24. Qb5 Bc8 25. Rfd1 Qc7 26. Qc4 Ra7 27. Qc3 Be6
28. b3 Rd8 29. h4 h5 30. Kh2 Raa8 31. Bh3 Bxh3 32. Kxh3 Qc8+ 33. Kg2 Qe6 34. Qe3
Rd6 35. e5 Rd5 36. Rxd5 Qxd5+ 37. Qf3 Rd8 38. Re1 Qe6 39. Re3 Rd4 40. Qa8+ Kg7
41. a5 bxa5 42. Qxa5 Qd5+ 43. Kg1 Rd1+ 44. Re1 Qxb3 45. Rxd1 Qxd1+ 46. Kh2 Qd4
47. Kg2 Qxe5 48. Qa8 c4 49. Qc6 c3 50. Kg1 Qd4 0-1

[Event "Titled Tue 24th Jun Late"]
[Site "chess.com INT"]
[Date "2025.06.24"]
[Round "6"]
[White "Cardozo Munar, Carlos Eduardo"]
[Black "Li, Yilin"]
[Result "1-0"]
[WhiteTitle "FM"]
[BlackTitle "WFM"]
[WhiteElo "2052"]
[BlackElo "1922"]
[WhiteFideId "4409477"]
[BlackFideId "8610410"]
[EventDate "2025.06.24"]

1. d4 d5 2. c3 e6 3. Nf3 Nf6 4. Bg5 c5 5. e3 Nc6 6. Nbd2 h6 7. Bh4 b6 8. Bd3 Be7
9. O-O O-O 10. Re1 Bb7 11. a4 Re8 12. h3 Qc7 13. dxc5 bxc5 14. e4 Nxe4 15. Nxe4
dxe4 16. Rxe4 Bxh4 17. Rxh4 Rad8 18. Qe2 Ne7 19. Re1 Nd5 20. Bb5 Re7 21. Ne5 Qb6
22. Nc4 Qc7 23. Ne3 Nf4 24. Qg4 Ng6 25. Rh5 a6 26. Bf1 Ne5 27. Qg3 f6 28. Rxh6
Kf7 29. Rh5 Rg8 30. Nc4 Nxc4 31. Qxc7 Rxc7 32. Bxc4 Re7 33. Rxc5 g5 34. a5 Rc8
35. Rxc8 Bxc8 36. b4 Rc7 37. Re4 f5 38. Rd4 Kf6 39. b5 axb5 40. Bxb5 Rxc3 41. a6
Rc1+ 42. Kh2 Rb1 43. Bd3 Ra1 44. Rd6 Ke5 45. Rc6 Bd7 46. Rb6 Bc8 47. Bc4 Kd4 48.
Bxe6 Bxe6 49. Rxe6 g4 50. hxg4 fxg4 51. Rg6 Ke5 52. Kg3 Kf5 53. Rb6 1-0

[Event "Titled Tue 24th Jun Late"]
[Site "chess.com INT"]
[Date "2025.06.24"]
[Round "6"]
[White "Da Silva, Lucas Pereira Mendes"]
[Black "Unver, Cumayi"]
[Result "1-0"]
[WhiteElo "2122"]
[BlackElo "2012"]
[WhiteFideId "22718613"]
[BlackFideId "6304940"]
[EventDate "2025.06.24"]

1. d4 d5 2. c4 c6 3. e3 Nf6 4. Nc3 g6 5. Nf3 Bg7 6. Bd2 O-O 7. Bd3 Bg4 8. O-O
Nbd7 9. h3 Bxf3 10. gxf3 e6 11. f4 a6 12. Qf3 b5 13. cxb5 cxb5 14. Kh1 Rc8 15.
Rad1 Ne8 16. a4 b4 17. Na2 a5 18. Nc1 Nd6 19. b3 Nf6 20. Ne2 Nfe4 21. Ng3 Nxd2
22. Rxd2 Rc3 23. Qd1 Qh4 24. Kg2 Rfc8 25. Ba6 R8c7 26. Bd3 Bf8 27. Ne2 R3c6 28.
Rc2 Rxc2 29. Bxc2 Bh6 30. Bd3 g5 31. fxg5 Bxg5 32. Ng1 f5 33. Nf3 Qh6 34. Ne5
Rg7 35. Kh2 Bf4+ 36. exf4 Qxf4+ 37. Kh1 Qxd4 38. Qe2 Ne4 39. Nf3 Qf6 40. Rg1 Qh6
41. Rxg7+ Kxg7 42. Bxe4 fxe4 43. Ng1 Qf4 44. Qg4+ Qxg4 45. hxg4 d4 46. Kg2 Kf6
47. Kf1 Kg5 48. f3 exf3 49. Nxf3+ 1-0